Billete De Vuelta - Abraham Mateo - Estadísticas

Estadísticas generales
  • Esta prueba ha sido intentada 23 veces
  • La puntuación promedio es 118 de 365
Estadísticas de respuestas
Letra % Correcto
a
100%
billete
67%
de
67%
lo
67%
Lo
67%
me
67%
67%
mi
67%
no
67%
No
67%
noche
67%
ojos
67%
Pa
67%
que
67%
Que
67%
Qué
67%
qué
67%
si
67%
Si
67%
te
67%
67%
tu
67%
un
67%
una
67%
Una
67%
uno
67%
va
67%
vuelta?
67%
Y
67%
y
67%
al
33%
Como
33%
con
33%
cuánto
33%
del
33%
desde
33%
Desde
33%
doy
33%
el
33%
ella
33%
en
33%
En
33%
esconde
33%
esta
33%
este
33%
fin
33%
he
33%
la
33%
La
33%
las
33%
los
33%
más
33%
noches
33%
poco
33%
por
33%
Por
33%
querer
33%
rato
33%
salir
33%
se
33%
33%
sin
33%
sol
33%
tarde
33%
ti
33%
tiene
33%
vida
33%
Yo
33%
yo
33%
abrir
0%
aceptar
0%
agujero
0%
amé
0%
asesinato
0%
atormenta
0%
Aunque
0%
barato
0%
barrera
0%
bien
0%
cabeza
0%
cada
0%
calle
0%
casa
0%
cerebro
0%
completa
0%
Compraste
0%
consigo
0%
crucé
0%
cuenta
0%
descubro
0%
despierta
0%
dignidad
0%
durar
0%
emborracharme
0%
entera
0%
envenena
0%
equilibrio
0%
era
0%
eres
0%
Esa
0%
eso
0%
esperas
0%
estamos
0%
estás
0%
estúpido
0%
fácil
0%
fatal
0%
firmó
0%
fuerte
0%
fuese
0%
ganó
0%
guerra
0%
hace
0%
haría
0%
hasta
0%
historias
0%
ida
0%
igual
0%
intenté
0%
juro
0%
lado
0%
lavado
0%
llenándola
0%
Lucifer
0%
mal
0%
maneras
0%
mantener
0%
mente
0%
meses
0%
mierda
0%
mil
0%
momento
0%
normal
0%
pagué
0%
Pasan
0%
pena
0%
pensar
0%
pensé
0%
perdí
0%
pero
0%
Pero
0%
pienso
0%
pierde
0%
podrá
0%
polvo
0%
portado
0%
porté
0%
precio
0%
pregunto
0%
probé
0%
pude
0%
puerta
0%
recuerdo
0%
rodillas
0%
Sábado
0%
sábado
0%
sabe
0%
segundo
0%
ser
0%
sigo
0%
sigues
0%
tan
0%
tentó
0%
tiempo
0%
tirano
0%
todo
0%
tormenta
0%
Tratando
0%
única
0%
volver
0%
vuelvas
0%
Ya
0%
ya
0%
No se encontraron pruebas coincidentes
Distribución de puntuación
Porcentaje de gente con cada puntuación
Porcentaje por número respondido
Historial de tus puntuaciones
No has intentado esta prueba.